000 00264nam a2200109Ia 4500
008 220216s9999 xx 000 0 und d
245 0 _aRubber: Guna menma urappakkam
260 _bKarshakasree
_c2017
300 _a64,65,67
650 _aRubber grading
942 _cJS
999 _c68179
_d68179